书目信息 |
| 题名: |
十九世纪文学主流
|
|
| 作者: | 勃兰兑斯 著 ;张道真 译 | |
| 分册: | 第一分册 | |
| 出版信息: | 北京 人民文学出版社 1997.10 |
|
| 页数: | 203页 | |
| 开本: | 32开 | |
| 丛书名: | ||
| 单 册: | ||
| 中图分类: | I109.4 | |
| 科图分类: | ||
| 主题词: | 文学--世界 | |
| 电子资源: | ||
| ISBN: | 7-02-002501-3 | |
| 000 | 00708nam0 2200217 45 | |
| 001 | 99091316 1 | |
| 005 | 20031219104042.2 | |
| 010 | @a7-02-002501-3@dCNY90.00 | |
| 100 | @a19990913d1997 km y0chiy0120 ea | |
| 101 | @achi@cdan | |
| 105 | @a z 000yy | |
| 200 | 1 | @a十九世纪文学主流@AShi Jiu Shi Ji Wen Xue Zhu Liu@e流亡文学@h第一分册@f(丹麦)勃兰兑斯著@F(Dan Mai)Bo Lan Dui Si Zhu@ELiu Wang Wen Xue@g张道真等译 |
| 210 | @a北京@c人民文学出版社@d1997.10 | |
| 215 | @a203页@d32开 | |
| 517 | @a流亡文学@ALiu Wang Wen Xue | |
| 606 | 0 | @a文学@y世界 |
| 690 | @aI109.4@v1 | |
| 701 | @a勃兰兑斯@4著 | |
| 702 | 0 | @a张道真@AZhang Dao Zhen@4译 |
| 801 | @aCN@bTSTC@c20011017 | |
| 905 | @f5@b284036-040@dI109.4@e16:1 | |
| 十九世纪文学主流:流亡文学.第一分册/(丹麦)勃兰兑斯著/张道真等译.-北京:人民文学出版社,1997.10 |
| 203页;32开 |
| ISBN 7-02-002501-3:CNY90.00 |
| ● |
| 相关链接 |
|
|
|
|
正题名:十九世纪文学主流
索取号:I109.4/16:1
 
预约/预借
| 序号 | 登录号 | 条形码 | 馆藏地/架位号 | 状态 | 备注 |
| 1 | 0284036 | 002840368 | 密集书库/ [索取号:I109.4/16:1] | 在馆 | |
| 2 | 0284037 | 002840377 | 密集书库/ [索取号:I109.4/16:1] | 在馆 | |
| 3 | 0284038 | 002840386 | 第二借阅区/ [索取号:I109.4/16:1] | 在馆 | |
| 4 | 0284039 | 002840395 | 密集书库/ [索取号:I109.4/16:1] | 在馆 | |
| 5 | 0284040 | 002840402 | 第一样本阅览室/ [索取号:I109.4/16:1] | 在馆 |